| 000 | 00614nam a2200193 a 4500 | ||
|---|---|---|---|
| 001 | 000036239 | ||
| 005 | 20200930075629.0 | ||
| 008 | 120111s1983 xxua 000 0 spa d | ||
| 040 |
_aDO-SdBNP _bspa _cBNPHU |
||
| 082 |
_axxx _bD784e |
||
| 100 | 1 |
_aDroguett, Sergio E. _962321 |
|
| 245 | 1 | 0 |
_aElementos de catálisis heterogénea / _cSergio E. Droguett. |
| 260 |
_aWashington : _bSecretaría General de la Organización de los Estados Americanos, _c1983. |
||
| 300 |
_a116 p. : _bil. ; _c23 cm. |
||
| 490 | 1 | _aQuímica | |
| 490 | 1 |
_aMonografía _v26 |
|
| 830 | 0 |
_aQuímica _962322 |
|
| 830 | 0 |
_aMonografía _n26 _962323 |
|
| 999 |
_c35730 _d35730 |
||